| 000 | 00746nam a2200277Ia 4500 | ||
|---|---|---|---|
| 008 | 171120s9999 xx 000 0 und d | ||
| 020 | _a9.7881319134e+012 | ||
| 050 | _a551.6 | ||
| 050 | _bP376 2012 | ||
| 100 | _aPegasus. | ||
| 245 | _aGlobal warming : | ||
| 245 | _bincludes effects of global warming, the cause of greenhouse effect, methods to reduce the greenhouse effect / | ||
| 245 | _cby Pegasus. | ||
| 260 | _aNew Delhi : | ||
| 260 | _bPegasus, | ||
| 260 | _c2012 | ||
| 300 | _a31 pages : | ||
| 300 | _bcolor illustrations ; | ||
| 300 | _c28cm. | ||
| 440 | _aPegasus encyclopedia. | ||
| 500 | _aIncludes index. | ||
| 650 | _aGlobal warming -- | ||
| 650 | _xPrevention. | ||
| 700 | _aSeries. | ||
| 700 | _aTitle. | ||
| 999 |
_c345215 _d345215 |
||